LEADER 01319nam a2200313 4500 001 000000348761 003 CaOOAMICUS 005 20240905161442.0 008 211202s2020 it 000 u ita r 020 $a978-88-347-2842-0 040 $aSeMil$bita 100 1 $aHerbert, Frank,$d<1920-1986>.$0(OLS)http://semarc/name/115138 240 13$aIl ciclo di Dune.$0(OLS)http://semarc/title/438221 245 10$aMessia di Dune :$bromanzo /$cFrank Herbert ; traduzione dall'inglese di Giampaolo Cossato e Sandro Sandrelli. 264 1$aRoma :$bFanucci,$c2020. 300 $a269 p. ;$c21 cm 490 1 $aNumeri uno 500 $aIn mezzo al front.: secondo volume de Il ciclo di Dune 700 1 $aCossato, Giampaolo.$0(OLS)http://semarc/name/115139 700 1 $aSandrelli, Sandro.$0(OLS)http://semarc/name/115140 765 0 $aDune Messiah. 830 0$aNumeri uno.$0(OLS)http://semarc/title/438225 850 $aSeMil 852 $aSeMil$W1$xVenegono$y1$m1U III 95$j230943$B239861$CSeMilBibl$Z2$F239861 $81 961 $aBrambilla don Paolo - Omaggio 996 $6020$a978-88-347-2842-0$9(OLS)http://semarc/number/294779 996 $6245$aMessia di Dune :$bromanzo$9(OLS)http://semarc/title/438224 996 $6264$aRoma :$bFanucci$9(OLS)http://semarc/publisher/57156 LEADER 01304nam a2200277 4500 001 000000361142 003 CaOOAMICUS 005 20250107155534.0 008 241211s2024 it a 000 u ita r 020 $a978-88-944810-5-1 040 $aSeMil$bita 110 2 $aUnione Cattolica Artisti Italiani :$bSezione di Milano.$0(OLS)http://semarc/name/64972 245 10$aSui Sentieri di Francesco d'Assisi :$bmostra d'arte contemporanea /$cUnione Cattolica Artisti Italiani. 264 1$aMilano :$bUCAI,$cstampa 2024. 300 $a68 p. :$bill. ;$c21x21 cm 500 $aAi pič del front.: 12-27 ottobre 2024 Antica Filanda - Santuario Santa Maria delle Grazie - Monza 541 0 $aOmaggio mons. Mario Delpini (5G I 108) 650 4$aFrancesco : d'Assisi - Iconografia.$0(OLS)http://semarc/subject/35461 850 $aSeMil 852 $aSeMil$W1$xVenegono$y1$m5G I 108$j253706$B252119$CSeMilBibl$Z2$F252119 $81 941 1 $a7 961 $aOmaggio mons. Mario Delpini 996 $6020$a978-88-944810-5-1$9(OLS)http://semarc/number/302071 996 $6245$aSui Sentieri di Francesco d'Assisi :$bmostra d'arte contemporanea$9(OLS)http://semarc/title/451798 996 $6264$aMilano :$bUCAI$9(OLS)http://semarc/publisher/57977